000 00582nam a2200205 a 4500
001 000056565
005 20200120223259.0
008 020620s2007 sp a br0 f spa d
020 _a9789586394604
090 _aAN
_bPAMc
100 1 _aPamuk, Orhan
245 1 3 _aEl castillo blanco /
_cOrhan Pamuk; traducción de Rafael Carpintero.
260 _aBarcelona :
_bMondadori,
_c2007.
300 _a182 p.
490 0 _aLiteratura Mondadori
_v333
650 1 4 _aNovela turca
650 2 4 _aLiteratura turca
650 2 4 _aPiratas en la literatura
700 1 _aCarpintero, Rafael,
_etr.
999 _c5913
_d5913